Adoption Behaviour of Chilli Growers in Vaishali District (Record no. 50277)

MARC details
000 -LEADER
fixed length control field 00409nam a22001577a 4500
003 - CONTROL NUMBER IDENTIFIER
control field OSt
008 - FIXED-LENGTH DATA ELEMENTS--GENERAL INFORMATION
fixed length control field 260429b |||||||| |||| 00| 0 eng d
082 ## - DEWEY DECIMAL CLASSIFICATION NUMBER
Classification number 630.715
Item number K98A
100 ## - MAIN ENTRY--PERSONAL NAME
Personal name Gautam, Kumar
245 ## - TITLE STATEMENT
Title Adoption Behaviour of Chilli Growers in Vaishali District
260 ## - PUBLICATION, DISTRIBUTION, ETC. (IMPRINT)
Place of publication, distribution, etc Pusa, Samastipur
Name of publisher, distributor, etc RAU
Date of publication, distribution, etc 2005
300 ## - PHYSICAL DESCRIPTION
Extent 61P.
502 ## - DISSERTATION NOTE
Degree type Msc.
Year degree granted 2005
650 ## - SUBJECT ADDED ENTRY--TOPICAL TERM
Topical term or geographic name as entry element Extension Education
942 ## - ADDED ENTRY ELEMENTS (KOHA)
Source of classification or shelving scheme
Koha item type Thesis

No items available.

Hosted, Implemented, Customized & Maintained by: BestBookBuddies

Powered by Koha